Statistics for Back to the Future Characters by Picture

Click here to take the quiz!

General Stats

  • This quiz has been taken 281 times
  • The average score is 8 of 12

Answer Stats

Answer% Correct
Marty McFly
100%
Doc Brown
99%
Biff Tannen
91%
Einstein
78%
George McFly
72%
Jennifer Parker
63%
Lorraine Baines
61%
Buford "Mad Dog" Tannen
50%
Clara Clayton
47%
Goldie Wilson
47%
Griff Tannen
45%
Gerald Strickland
43%

Score Distribution

Percentile by Number Answered

Percent of People with Each Score

Your Score History

You have not taken this quiz